000 00646nas a2200217 4500
001 BR9207015
003 BR-BrBNA
005 20231205100446.0
007 ta
008 230509b bl.|||p| |||| 00| 00por d
040 _aBR-BrBNA
_bpor
_cBiblioteca Nacional de Agricultura
041 _a(Pt)
072 _aF01
100 1 _aSampaio, V.R.
245 1 _aPoda em uvaieira (Eugenia uvalha CAMB.)
650 _aUvalha
650 _aPoda
773 0 _tAnais da Escola Superior de Agricultura Luiz de Queiroz (Brazil)
_xISSN 0071-1276
_g(1989), v. 46(pt. 1) p. 93-99
_wBR9207015
909 _a202311
_bLúcia
_c55
_dLúcia Elande
942 _2AGRIS
_n0
_cANA
999 _c156140
_d156140